000
00184 a2200097 4500
020
_a
9780425252987
041
_a
eng
100
_a
Roberts, Nora
245
_a
Carolina moon
942
_c
BK
999
_c
29561
_d
29559